000 00577cam a22002053a 4500
001 38612
003 PGUSA
005 20140828083842.0
008 120118s2012||||xxu|||||s|||||000 | eng d
040 _aPGUSA
_beng
042 _adc
100 1 _aDarton, William
245 1 0 _aCity Scenes ;
_bor, a peep into London
_h[electronic resource] /
_cWilliam Darton
260 _bProject Gutenberg,
_c2012
506 _aPublic domain in the USA.
516 _aElectronic text
830 0 _aProject Gutenberg
_v38612
856 4 0 _uhttp://www.gutenberg.org/ebooks/38612
942 _cEB
999 _c267866
_d267866